PHARMACEUTICS FOR PHARM-D (Record no. 23044)
[ view plain ]
| 000 -LEADER | |
|---|---|
| fixed length control field | 00325nam a22001457a 4500 |
| 003 - CONTROL NUMBER IDENTIFIER | |
| control field | SGT |
| 020 ## - INTERNATIONAL STANDARD BOOK NUMBER | |
| International Standard Book Number | 9789351649557 |
| 082 ## - DEWEY DECIMAL CLASSIFICATION NUMBER | |
| Classification number | 615.1 |
| Item number | P19P |
| 100 ## - MAIN ENTRY--PERSONAL NAME | |
| Personal name | PAWAR, ATMARAM |
| 245 ## - TITLE STATEMENT | |
| Title | PHARMACEUTICS FOR PHARM-D |
| 260 ## - PUBLICATION, DISTRIBUTION, ETC. (IMPRINT) | |
| Place of publication, distribution, etc | PUNE |
| Name of publisher, distributor, etc | NIRALI PRAKSHAN |
| Year of Publication | 2019 |
| 300 ## - PAGE DESCRIPTION | |
| No. of Pages | 14.10 |
| 650 ## - SUBJECT ADDED ENTRY--TOPICAL TERM | |
| Topical term or geographic name as entry element | PHARMACEUTICS |
| 942 ## - ADDED ENTRY ELEMENTS (KOHA) | |
| Source of classification or shelving scheme | Dewey Decimal Classification |
| Koha item type | Books |
| 942 ## - ADDED ENTRY ELEMENTS (KOHA) | |
| -- | 1 |
| Withdrawn status | Lost status | Source of classification or shelving scheme | Damaged status | Use restrictions | Not for loan | Collection code | Home library | Current library | Shelving location | Date acquired | Vendor Name | Cost, normal purchase price | SGTU | Bill Number | Full call number | Accession No. (Barcode) | Date last seen | Bill Date | Koha item type | Total Checkouts | Date last borrowed |
|---|---|---|---|---|---|---|---|---|---|---|---|---|---|---|---|---|---|---|---|---|---|
| Dewey Decimal Classification | Restricted Access | PHARMACY | SGT FA-FP Library | SGT FA-FP Library | Reference Book | 21/07/2022 | AHUJA PUBLICATION | 185.00 | SGTU | 14705 | 615.1 P19P | FP4507 | 21/07/2022 | 30/06/2022 | Books | ||||||
| Dewey Decimal Classification | PHARMACY | SGT FA-FP Library | SGT FA-FP Library | Text Book | 21/07/2022 | AHUJA PUBLICATION | 185.00 | SGTU | 14705 | 615.1 P19P | FP4508 | 18/03/2026 | 30/06/2022 | Books | 1 | 17/03/2026 | |||||
| Dewey Decimal Classification | PHARMACY | SGT FA-FP Library | SGT FA-FP Library | Text Book | 21/07/2022 | AHUJA PUBLICATION | 185.00 | SGTU | 14705 | 615.1 P19P | FP4509 | 18/03/2026 | 30/06/2022 | Books | 2 | 16/03/2026 | |||||
| Dewey Decimal Classification | PHARMACY | SGT FA-FP Library | SGT FA-FP Library | Text Book | 21/07/2022 | AHUJA PUBLICATION | 185.00 | SGTU | 14705 | 615.1 P19P | FP4510 | 06/04/2026 | 30/06/2022 | Books | 1 | 01/04/2026 | |||||
| Dewey Decimal Classification | PHARMACY | SGT FA-FP Library | SGT FA-FP Library | Text Book | 21/07/2022 | AHUJA PUBLICATION | 185.00 | SGTU | 14705 | 615.1 P19P | FP4511 | 15/04/2026 | 30/06/2022 | Books | 1 | 17/03/2026 |